| 000 | 00339nam a22001457a 4500 | ||
|---|---|---|---|
| 003 | OSt | ||
| 005 | 20160727222356.0 | ||
| 008 | 160622b xxu||||| |||| 00| 0 eng d | ||
| 040 | _cTEST | ||
| 100 |
_9541 _aReader's Digest |
||
| 245 | _aCondensed Books | ||
| 260 |
_aN.Y _b Reader's Digest _c1966 |
||
| 300 | _aCondensed Books | ||
| 942 |
_2ddc _cBK |
||
| 999 |
_c450 _d450 |
||